Fastest Growing U.S. Cities, 2020-2023 - Statistics

General Stats
  • This quiz has been taken 129 times
  • The average score is 6 of 20
Answer Stats
Gain Answer % Correct
39,999 Phoenix
82%
39,293 Fort Worth
74%
41,266 San Antonio
73%
15,003 Oklahoma City
48%
24,742 Frisco
46%
17,180 McKinney
33%
30,881 North Las Vegas
32%
12,774 Bakersfield
21%
26,120 Buckeye
20%
25,707 Cape Coral
19%
34,025 Port St. Lucie
18%
18,906 Fort Myers
16%
12,608 St. George
16%
18,262 Denton
14%
15,958 Nampa
14%
19,693 Meridian
13%
16,452 Goodyear
12%
14,817 Surprise
11%
24,532 New Braunfels
10%
12,876 Murfreesboro
9%
No matching quizzes found
Score Distribution
Percent of People with Each Score
Percentile by Number Answered
Your Score History
You have not taken this quiz